[Event "GER Seniors Derby 02nd"]
[Site "Wesel/Heidelust"]
[Date "2003.03.15"]
[Round "6"]
[White "Werner, Bernd1"]
[Black "Schmid, Werner"]
[Result "0-1"]
[WhiteElo "1506"]
[BlackElo "1757"]
[PlyCount "20"]
[EventDate "2003.03.13"]
[EventType "swiss"]
[EventRounds "7"]
[EventCountry "GER"]
[SourceTitle "EXT 2006"]
[Source "ChessBase"]
[SourceDate "2005.11.24"]
[SourceVersion "1"]
[SourceVersionDate "2005.11.24"]
[SourceQuality "1"]

1. e4 e6 2. Nf3 c5 3. d4 cxd4 4. Nxd4 Nc6 5. Nf3 Bc5 6. a3 Nf6 7. Bg5 Qb6 8. Bxf6 gxf6 9. Nbd2 Bxf2+ 10. Ke2 Qe3# 0-1